[Event "Eastpointe (EDO/2/5)"]
[Site "?"]
[Date "1995.??.??"]
[Round "?"]
[White "Williams, Ron"]
[Black "Moore, Robert"]
[Result "1-0"]
[WhiteElo "1920"]
[BlackElo "1700"]
[PlyCount "87"]
[EventDate "1995.??.??"]

{2/(5)} 1. e4 c5 2. Nf3 d6 3. d3 Nf6 4. g3 e6 5. Bg2 Be7 6. O-O Nc6 7. Nbd2 O-O
8. Re1 Qc7 9. c3 Rb8 10. Qe2 h6 11. h3 b5 12. Nf1 Re8 13. g4 Bd7 14. Ng3 Nh7
15. Bf4 e5 16. Be3 Nd8 17. Rec1 Ne6 18. Nf5 Bg5 19. h4 Bxe3 20. fxe3 Nef8 21.
Kh2 Bxf5 22. gxf5 Nf6 23. Nd2 Qe7 24. Rg1 h5 25. Bh3 g6 26. Rg2 N6h7 27. Qxh5
Qf6 28. Rf1 Qg7 29. Qf3 Kh8 30. Rfg1 Qh6 31. Qg3 Nf6 32. Qg5 Qxg5 33. hxg5 Nh5
34. Bg4 Ng7 35. Rh1 Nh5 36. Kg1 Kg7 37. Bxh5 gxh5 38. Rxh5 Nh7 39. Rgh2 Rh8 40.
Nf3 b4 41. c4 a5 42. f6+ Kg8 43. Nh4 Rb7 44. Nf5 1-0

[Event "Eastpointe (EDO/4/5)"]
[Site "?"]
[Date "1995.??.??"]
[Round "?"]
[White "Williams, Ron"]
[Black "McCarter, Robert"]
[Result "1-0"]
[WhiteElo "1920"]
[BlackElo "1735"]
[PlyCount "79"]
[EventDate "1995.??.??"]

{4/(5)} 1. e4 c5 2. Nf3 d6 3. d3 e6 4. g3 g6 5. Bg2 Bg7 6. O-O Ne7 7. c3 Nbc6
8. Re1 O-O 9. Nbd2 Rb8 10. Qe2 b5 11. Nf1 a5 12. a4 bxa4 13. Rxa4 Bd7 14. Ra2
Ne5 15. Nxe5 dxe5 16. Be3 Qc7 17. Nd2 a4 18. Nc4 Bb5 19. Rea1 Rfd8 20. Qc2 Bf8
21. Bf1 Nc8 22. Nxe5 Bg7 23. Nc4 Nb6 24. f4 Nxc4 25. dxc4 Be8 26. Qf2 Bf8 27.
f5 exf5 28. exf5 Rb6 29. Bg2 Qe5 30. fxg6 hxg6 31. Bd5 Rc8 32. Re1 Qg7 33. Rf1
Be7 34. Qd2 g5 35. Raa1 Qg6 36. Qe2 Kg7 37. Rae1 f5 38. Bc1 Bc6 39. Qxe7+ Kh6
40. Re6 1-0

[Event "East Lansing (MI Op/2/19)"]
[Site "?"]
[Date "1995.??.??"]
[Round "?"]
[White "Williams, Ron"]
[Black "Mazuchowski, Tom"]
[Result "0-1"]
[WhiteElo "1900"]
[BlackElo "2210"]
[PlyCount "84"]
[EventDate "1995.??.??"]

{2/(19)} 1. c4 Nf6 2. Nc3 g6 3. g3 Bg7 4. Bg2 O-O 5. Nf3 d6 6. d4 Nc6 7. O-O
Bg4 8. h3 Bxf3 9. Bxf3 Nd7 10. e3 e5 11. d5 Ne7 12. Qc2 f5 13. e4 Nf6 14. Kh2
Qd7 15. Bg5 h6 16. Bxf6 Rxf6 17. Bg2 Raf8 18. f3 R6f7 19. Rac1 h5 20. Qe2 Bh6
21. Rb1 h4 22. g4 Bf4+ 23. Kh1 a5 24. a4 Nc8 25. b3 Qe7 26. Qd3 fxg4 27. fxg4
Qg5 28. Rf3 Bd2 29. Ne2 Bb4 30. Rbf1 Ne7 31. Kh2 b6 32. Kh1 Kg7 33. Kh2 Ng8 34.
Kh1 Nf6 35. Kh2 Nd7 36. Rxf7+ Rxf7 37. Rxf7+ Kxf7 38. Nc3 Qf4+ 39. Kh1 Nc5 40.
Qc2 Qe3 41. Nb5 Qe1+ 42. Kh2 Bd2 0-1

[Event "Detroit (MI Team/2/3/2)"]
[Site "?"]
[Date "1995.??.??"]
[Round "?"]
[White "Williams, Ron"]
[Black "Mahabir, Naresh"]
[Result "1-0"]
[WhiteElo "1920"]
[BlackElo "1605"]
[PlyCount "47"]
[EventDate "1995.??.??"]

{2/3} 1. e4 e5 2. Nf3 Nc6 3. Bc4 Nf6 4. d3 Bb4+ 5. c3 Ba5 6. O-O O-O 7. Bg5 d6
8. h3 Be6 9. a4 Bb6 10. b4 a6 11. a5 Ba7 12. Nbd2 h6 13. Bh4 g5 14. Nxg5 Bxc4
15. Nxc4 hxg5 16. Bxg5 Qe7 17. Qf3 Kg7 18. Ne3 Bxe3 19. fxe3 Rg8 20. Bxf6+ Qxf6
21. Qxf6+ Kh7 22. Rf5 Rg6 23. Rh5+ Kg8 24. Rh8# 1-0

[Event "Troy (US Am N/6/9)"]
[Site "?"]
[Date "1995.??.??"]
[Round "?"]
[White "Williams, Ron"]
[Black "Lubben, Don"]
[Result "1-0"]
[WhiteElo "1920"]
[BlackElo "1795"]
[PlyCount "112"]
[EventDate "1995.??.??"]

{6/(9)} 1. e4 e6 2. Nf3 d5 3. e5 c5 4. g3 Nc6 5. Bg2 Qc7 6. Qe2 g6 7. O-O Bg7
8. Re1 Nge7 9. d3 b5 10. h4 Bb7 11. c3 O-O-O 12. Bf4 d4 13. Na3 a6 14. c4 b4
15. Nc2 h5 16. Qd2 Nf5 17. b3 Nh6 18. Bh3 Ng4 19. Qe2 Bh6 20. Ng5 Bxg5 21. hxg5
Ne7 22. f3 Qc6 23. Bg2 Ne3 24. Bxe3 dxe3 25. Nxe3 Qd7 26. Rad1 Nc6 27. Nc2 h4
28. Kh2 Nd4 29. Nxd4 Qxd4 30. f4 hxg3+ 31. Kxg3 Rh5 32. Bxb7+ Kxb7 33. Qe4+ Kc7
34. Qxd4 Rxd4 35. Re2 Rd8 36. Rh2 Rdh8 37. Rxh5 Rxh5 38. Rd2 Rh8 39. d4 Rd8 40.
Kf3 Kc6 41. Ke4 a5 42. d5+ Kc7 43. Rh2 exd5+ 44. cxd5 Rd7 45. Rh7 f5+ 46. gxf6
Rxh7 47. Kf3 Rf7 48. Ke4 Rh7 49. e6 Kd6 50. f7 Rxf7 51. exf7 Ke7 52. d6+ Kxf7
53. Kd5 Ke8 54. Kxc5 Kd7 55. Kd5 Kd8 56. Ke6 Ke8 1-0

[Event "East Lansing (MI Op/5/24)"]
[Site "?"]
[Date "1995.??.??"]
[Round "?"]
[White "Williams, Ron"]
[Black "Lehotzky, Attila"]
[Result "1-0"]
[WhiteElo "1905"]
[BlackElo "1930"]
[PlyCount "81"]
[EventDate "1995.??.??"]

{5/(24)} 1. e4 d6 2. Nf3 Nf6 3. d3 g6 4. g3 Bg7 5. Bg2 O-O 6. O-O c5 7. Nbd2
Nc6 8. c3 Ng4 9. Re1 Nge5 10. Qe2 Bg4 11. h3 Bd7 12. Nxe5 Nxe5 13. f4 Nc6 14.
Nc4 b5 15. Ne3 b4 16. Bd2 Rb8 17. Rab1 Qc8 18. Kh2 Qa6 19. f5 Ne5 20. fxg6 fxg6
21. Nd5 Nc6 22. Bg5 e6 23. Ne7+ Nxe7 24. Bxe7 Rf7 25. Bg5 bxc3 26. bxc3 Rxb1
27. Rxb1 Bxc3 28. Rb8+ Rf8 29. Rxf8+ Kxf8 30. Bf4 Bg7 31. h4 Bb5 32. Bf1 Bd4
33. Kh3 Ke7 34. Qf3 Bf6 35. Bg5 Bxg5 36. hxg5 Be8 37. d4 Qxa2 38. Qf6+ Kd7 39.
Bb5+ Kc7 40. Bxe8 Qb1 41. Qe7+ 1-0

[Event "Troy (US Am N/2/17)"]
[Site "?"]
[Date "1995.??.??"]
[Round "?"]
[White "Williams, Ron"]
[Black "Hartwig, Thomas"]
[Result "1/2-1/2"]
[WhiteElo "1920"]
[BlackElo "1605"]
[PlyCount "104"]
[EventDate "1995.??.??"]

{2/(17)} 1. c4 g6 2. Nc3 Bg7 3. g3 Nf6 4. Bg2 c6 5. e4 d6 6. Nge2 O-O 7. O-O
Nbd7 8. d4 e5 9. d5 cxd5 10. cxd5 Nc5 11. b4 Ncd7 12. a4 Ne8 13. Be3 f5 14. Qd3
Nef6 15. f3 fxe4 16. Nxe4 Nxe4 17. fxe4 Nf6 18. h3 Bd7 19. Kh2 a6 20. a5 Bb5
21. Qd2 h5 22. Rfc1 Qd7 23. Nc3 Rfc8 24. Bf1 Bxf1 25. Rxf1 Rc7 26. Rfc1 Rac8
27. Qd3 Kh7 28. Ne2 Bh6 29. Bxh6 Kxh6 30. Rxc7 Rxc7 31. Rf1 Kg7 32. Qf3 Qd8 33.
Qd3 Qc8 34. Rf2 Rc4 35. Qf3 Qd8 36. g4 hxg4 37. hxg4 Qe7 38. Ng3 Rxb4 39. Rg2
Rb5 40. g5 Nh7 41. Nh5+ gxh5 42. Qxh5 Rxa5 43. Qh6+ Kg8 44. g6 Nf6 45. g7 Ng4+
46. Rxg4 Ra2+ 47. Kg1 Ra1+ 48. Kg2 Ra2+ 49. Kg1 Ra1+ 50. Kg2 Ra2+ 51. Kh3 Ra3+
52. Kg2 Ra2+ 1/2-1/2

[Event "Troy (US Am N/4/13)"]
[Site "?"]
[Date "1995.??.??"]
[Round "?"]
[White "Williams, Ron"]
[Black "Duncan, Robert"]
[Result "1-0"]
[WhiteElo "1920"]
[BlackElo "1605"]
[PlyCount "53"]
[EventDate "1995.??.??"]

{4/(13)} 1. c4 g6 2. Nc3 Bg7 3. g3 Nc6 4. Bg2 b6 5. Nf3 Bb7 6. O-O Nd4 7. e4
Nxf3+ 8. Bxf3 Bxc3 9. dxc3 c5 10. Re1 e5 11. Bg2 Qc7 12. f4 f6 13. fxe5 fxe5
14. Bg5 d6 15. Rf1 Ne7 16. Qg4 Bc8 17. Qh4 Be6 18. b3 h6 19. Rad1 Ng8 20. Bh3
Bxh3 21. Qxh3 Qd7 22. Qh4 Rh7 23. Be3 Qe7 24. Qg4 Rg7 25. Rd2 Rd8 26. Rdf2 Qd7
27. Qf3 1-0

[Event "East Lansing (MI Op/5/23)"]
[Site "?"]
[Date "1995.??.??"]
[Round "?"]
[White "Williams, Ken"]
[Black "Welch, Joseph"]
[Result "1-0"]
[WhiteElo "1945"]
[BlackElo "1665"]
[PlyCount "107"]
[EventDate "1995.??.??"]

{5/(23)} 1. e4 c5 2. c3 e6 3. d4 d5 4. e5 Nc6 5. Be3 cxd4 6. cxd4 Bb4+ 7. Nc3
Nge7 8. Bd3 Qa5 9. Nge2 Bd7 10. a3 Bxc3+ 11. bxc3 Ng6 12. O-O Qd8 13. Ng3 Rc8
14. f4 Nge7 15. Bd2 f5 16. exf6 gxf6 17. f5 exf5 18. Nxf5 Nxf5 19. Bxf5 Bxf5
20. Rxf5 Rc7 21. Qf3 O-O 22. Qxd5+ Qxd5 23. Rxd5 b6 24. a4 Ne7 25. Rd6 Nf5 26.
Re6 Ng7 27. Re2 Re8 28. Rxe8+ Nxe8 29. Kf2 Kf7 30. Ke2 Nd6 31. Bf4 Re7+ 32. Kd3
Nf5 33. Rf1 Kg6 34. g4 Ng7 35. Bg3 f5 36. gxf5+ Nxf5 37. Be5 Rd7 38. Ke4 Rf7
39. Rg1+ Kh5 40. Rg8 Ne7 41. Rg7 Rxg7 42. Bxg7 Kg6 43. Bf8 Nc8 44. Ke5 Kf7 45.
Ba3 h6 46. d5 Ne7 47. Bxe7 Kxe7 48. d6+ Kd7 49. Kd5 a6 50. c4 h5 51. h4 a5 52.
Ke5 Kc8 53. Ke6 Kd8 54. d7 1-0

[Event "Lansing (Mini-Swiss.1/2)"]
[Site "?"]
[Date "1995.??.??"]
[Round "?"]
[White "Williams, Ken"]
[Black "Noren, Kevin"]
[Result "0-1"]
[WhiteElo "1905"]
[BlackElo "2275"]
[PlyCount "130"]
[EventDate "1995.??.??"]

1. d4 Nf6 2. c4 c5 3. d5 e5 4. Nc3 d6 5. e4 Be7 6. Be2 Nbd7 7. Nf3 Nf8 8. h3
Ng6 9. g3 h6 10. Be3 Bd7 11. Qc2 O-O 12. O-O-O a6 13. Kb1 Qc8 14. Ng1 Rb8 15.
Qd2 b5 16. Bd3 bxc4 17. Bxc4 Bd8 18. Rc1 Ba5 19. f3 Ne8 20. g4 Nc7 21. Qh2 Nb5
22. Bxb5 axb5 23. Ka1 b4 24. Nd1 Bd8 25. b3 Bg5 26. Rc2 Ra8 27. Bxg5 hxg5 28.
Ne3 f6 29. Ne2 Kf7 30. Ng3 Rh8 31. Ngf5 Qa6 32. Qe2 Qxe2 33. Nxd6+ Ke7 34.
Ndf5+ Bxf5 35. Nxf5+ Kd7 36. Rxe2 Nf4 37. Reh2 g6 38. Ne3 Rh4 39. Nd1 Rah8 40.
Nf2 Kd6 41. Kb1 Ra8 42. Nd1 Rah8 43. Nf2 Ne2 44. Re1 Nd4 45. Re3 Ra8 46. Nd1
Rah8 47. Nf2 R4h7 48. Rh1 Nb5 49. Rh2 Nc3+ 50. Rxc3 bxc3 51. Kc2 Ra8 52. a4 Rb7
53. Nd3 Rab8 54. Nc1 c4 55. Kxc3 cxb3 56. Rb2 Rc7+ 57. Kd2 Ra7 58. Kc3 Rc8+ 59.
Kd2 Rxa4 60. Rxb3 Ra6 61. Nd3 Rh8 62. Nf2 Ra2+ 63. Ke3 Rc8 64. Rb6+ Kd7 65. Rb3
Rcc2 0-1

[Event "East Lansing (Class A/4/2)"]
[Site "?"]
[Date "1995.??.??"]
[Round "?"]
[White "Williams, Ken"]
[Black "Mankiewicz, Ryan"]
[Result "1-0"]
[WhiteElo "1920"]
[BlackElo "1940"]
[PlyCount "59"]
[EventDate "1995.??.??"]

{4/(2)} 1. Nf3 d5 2. g3 g6 3. Bg2 Bg7 4. d3 c5 5. O-O Nc6 6. Nbd2 f5 7. e4 dxe4
8. dxe4 Nf6 9. exf5 Bxf5 10. Nh4 Bg4 11. Nhf3 O-O 12. c3 Ne5 13. h3 Bh5 14.
Qb3+ c4 15. Qb5 Bxf3 16. Nxf3 Nxf3+ 17. Bxf3 Qc8 18. Bxb7 Qxh3 19. Bxa8 Ng4 20.
Qd5+ e6 21. Qh1 Qxf1+ 22. Kxf1 Nxf2 23. Qc6 Ng4+ 24. Ke1 h5 25. Qxe6+ Kh7 26.
Be4 Rf6 27. Qxc4 Bf8 28. Bg5 Rf2 29. Qe6 Bc5 30. Qxg6+ 1-0

[Event "Grand Rapids (MI Am/3/9)"]
[Site "?"]
[Date "1995.??.??"]
[Round "?"]
[White "Williams, Ken"]
[Black "Fowler, B."]
[Result "1/2-1/2"]
[WhiteElo "1975"]
[BlackElo "1605"]
[PlyCount "77"]
[EventDate "1995.??.??"]

{3/(9)} 1. d4 c6 2. c4 d5 3. cxd5 cxd5 4. Nf3 Nf6 5. Bf4 Nc6 6. e3 e6 7. Nc3
Be7 8. Rc1 a6 9. h3 O-O 10. Bd3 Bd7 11. O-O b5 12. Ne5 Nxe5 13. dxe5 Ne8 14.
Qh5 g6 15. Qe2 Ng7 16. Rc2 Qb6 17. Rfc1 b4 18. Nb1 Rfc8 19. Rxc8+ Rxc8 20.
Rxc8+ Bxc8 21. Qc2 Qc5 22. Qxc5 Bxc5 23. Nd2 a5 24. Nb3 Bb6 25. Bb5 Nf5 26. Kf1
Bb7 27. Bg5 h6 28. Bf6 Kf8 29. g4 Ne7 30. Bxe7+ Kxe7 31. Ke2 Bc8 32. Kd3 Bd7
33. Bxd7 Kxd7 34. Nd4 Bxd4 35. Kxd4 Kc6 36. h4 Kb5 37. b3 Kc6 38. f3 Kb5 39. e4
1/2-1/2

[Event "East Lansing (Class A/1/9)"]
[Site "?"]
[Date "1995.??.??"]
[Round "?"]
[White "Williams, Ken"]
[Black "Ford, William"]
[Result "1/2-1/2"]
[WhiteElo "1920"]
[BlackElo "1820"]
[PlyCount "126"]
[EventDate "1995.??.??"]

{1/(9)} 1. Nf3 d5 2. g3 Nf6 3. Bg2 c5 4. O-O Nc6 5. d3 e5 6. Bg5 Be7 7. Nfd2
O-O 8. Nc3 Be6 9. Bxf6 Bxf6 10. e4 d4 11. Nd5 Bxd5 12. exd5 Nb4 13. Qf3 Rc8 14.
c3 dxc3 15. bxc3 e4 16. Nxe4 Nxd5 17. Nxf6+ Nxf6 18. Rfd1 b6 19. Re1 Rc7 20.
Re5 Rd7 21. Rd1 Re8 22. Rxe8+ Qxe8 23. Qa8 Qxa8 24. Bxa8 Nd5 25. Bxd5 Rxd5 26.
d4 cxd4 27. cxd4 Kf8 28. Kg2 Ke7 29. Kf3 Ra5 30. Rd2 Kd6 31. h4 b5 32. Rb2 Kd5
33. Rd2 Ra3+ 34. Ke2 Rc3 35. Rb2 a6 36. a4 bxa4 37. Rb6 Rc6 38. Rb4 a3 39. Ra4
Rc2+ 40. Kd3 Rxf2 41. Ra5+ Kc6 42. Rxa6+ Kb5 43. Ra7 Kb6 44. Ra8 a2 45. Ke3 Rc2
46. Kf4 Kc6 47. Ke4 Re2+ 48. Kd3 Rg2 49. Kc4 Kb7 50. Ra3 Kc7 51. Ra7+ Kb6 52.
Ra8 Rxg3 53. Rxa2 Rh3 54. Rf2 f6 55. Rg2 g6 56. Re2 Rxh4 57. Re6+ Kc7 58. Rxf6
Kd7 59. Kc5 g5 60. d5 Rf4 61. Rh6 Rf7 62. Ra6 Re7 63. Ra7+ Kd8 1/2-1/2

[Event "East Lansing (MI Op/2/11)"]
[Site "?"]
[Date "1995.??.??"]
[Round "?"]
[White "Williams, Ken"]
[Black "Everett, Morgan"]
[Result "0-1"]
[WhiteElo "1945"]
[BlackElo "2140"]
[PlyCount "58"]
[EventDate "1995.??.??"]

{2/(11)} 1. e4 e5 2. Nf3 Nc6 3. d4 exd4 4. Nxd4 Nf6 5. Nc3 Nxe4 6. Nxe4 Qe7 7.
Be2 Qxe4 8. Nxc6 dxc6 9. O-O Bd6 10. Bf3 Qh4 11. Re1+ Be6 12. g3 Qf6 13. Be3
O-O 14. Bd4 Qg6 15. Qd2 Rae8 16. Qa5 c5 17. Bc3 f5 18. Be5 f4 19. Bxd6 cxd6 20.
Bxb7 fxg3 21. hxg3 Qf7 22. Rxe6 Qxe6 23. Rd1 Qe2 24. Bd5+ Kh8 25. Qd2 Rxf2 26.
Qxe2 Rfxe2 27. Bb3 Re1+ 28. Rxe1 Rxe1+ 29. Kf2 Re5 0-1

[Event "East Lansing (MI Op/1b/17)"]
[Site "?"]
[Date "1995.??.??"]
[Round "?"]
[White "Williams, Ken"]
[Black "Easter, J."]
[Result "1-0"]
[WhiteElo "1945"]
[BlackElo "1700"]
[PlyCount "57"]
[EventDate "1995.??.??"]

1. e4 c5 2. c3 Nf6 3. e5 Nd5 4. Nf3 Nc6 5. Bc4 Nb6 6. Bb3 d5 7. exd6 Qxd6 8. d4
cxd4 9. cxd4 Bf5 10. Nc3 Rd8 11. Be3 e6 12. h3 Be7 13. Qe2 a6 14. a3 Bf6 15.
Rd1 O-O 16. O-O Ne7 17. g4 Bg6 18. g5 Bxd4 19. Bxd4 Bh5 20. Ne4 Qf4 21. Rd3
Rxd4 22. Rxd4 Bxf3 23. Qe3 Qxe3 24. fxe3 Bxe4 25. Rxe4 Ned5 26. Rc1 Rc8 27.
Rxc8+ Nxc8 28. Bxd5 exd5 29. Re8# 1-0

[Event "Grand Rapids (MI Am/2/1)"]
[Site "?"]
[Date "1995.??.??"]
[Round "?"]
[White "Williams, Ken"]
[Black "Blanchard, Robert"]
[Result "1/2-1/2"]
[WhiteElo "1975"]
[BlackElo "1645"]
[PlyCount "118"]
[EventDate "1995.??.??"]

{2/(1)} 1. d4 Nf6 2. c4 g6 3. Nc3 Bg7 4. e4 d6 5. Nge2 O-O 6. Ng3 e5 7. d5 Ne8
8. h4 h5 9. Bg5 Bf6 10. Bh6 Bg7 11. Qd2 Nf6 12. Bg5 c5 13. Be2 Qe8 14. Nf1 Na6
15. Nh2 Nc7 16. a4 a6 17. a5 Bd7 18. f3 Rb8 19. Bd1 b5 20. axb6 Rxb6 21. Ba4
Rb4 22. Bxd7 Qxd7 23. Qe2 Rfb8 24. Bc1 Kh7 25. Kf2 Bh6 26. Ra2 Ng8 27. Bxh6
Nxh6 28. Rha1 f5 29. Kg1 f4 30. Nd1 Rb3 31. Ra3 R3b4 32. Qc2 Qe7 33. Qf2 Rxc4
34. Ra4 Rcb4 35. Rxb4 Rxb4 36. Nf1 Qd8 37. Nd2 Qb8 38. Nb1 Nf7 39. Nbc3 Nd8 40.
Qc2 Qb7 41. Ra4 Rb3 42. Kh2 Rb6 43. Ra5 Rb4 44. Ra4 Rb6 45. Ra5 Nb5 46. Nxb5
axb5 47. b3 Qe7 48. Qf2 Kh6 49. Nc3 Qd7 50. Qe2 b4 51. Na4 Rb7 52. Nb2 Qc7 53.
Nc4 Nf7 54. Ra6 Ra7 55. Rxa7 Qxa7 56. Qb2 Qe7 57. Qf2 Qa7 58. Qb2 Qe7 59. Qf2
Qa7 1/2-1/2

[Event "East Lansing (MOR/3/46)"]
[Site "?"]
[Date "1995.??.??"]
[Round "?"]
[White "Williams, Claude"]
[Black "Zydeck, B."]
[Result "1-0"]
[WhiteElo "1605"]
[BlackElo "1605"]
[PlyCount "69"]
[EventDate "1995.??.??"]

{3/(46)} 1. e4 e5 2. Bc4 Nf6 3. d3 Nc6 4. Nc3 Bb4 5. Nge2 O-O 6. a3 Ba5 7. b4
Bb6 8. Na4 d6 9. c3 Bg4 10. Nxb6 cxb6 11. O-O Re8 12. f3 Bh5 13. Ng3 a6 14.
Nxh5 Nxh5 15. Be3 b5 16. Bd5 Nf4 17. Bb3 Re7 18. Ra2 Qd7 19. Kh1 Rae8 20. Rd2
h6 21. d4 b6 22. dxe5 Rxe5 23. Bxf4 Rh5 24. Bxd6 a5 25. Bc5 Qc7 26. Rd7 Qc8 27.
Bxf7+ Kh7 28. Bxh5 Rd8 29. Rxd8 Nxd8 30. Bxb6 Nc6 31. Qd3 Qb7 32. e5+ Kg8 33.
Qd5+ Kf8 34. Bc5+ Ne7 35. Qf7# 1-0

[Event "Eastpointe (MCO/4/27)"]
[Site "?"]
[Date "1995.??.??"]
[Round "?"]
[White "Williams, Claude"]
[Black "Schilling, P."]
[Result "0-1"]
[WhiteElo "1605"]
[BlackElo "1620"]
[PlyCount "50"]
[EventDate "1995.??.??"]

{4/(27)} 1. e4 e5 2. Bc4 Nf6 3. d3 Bc5 4. Nc3 d6 5. h3 Nc6 6. f4 O-O 7. Na4
Nxe4 8. Nf3 Nf2 9. Qd2 Nxh1 10. Nxc5 dxc5 11. fxe5 Re8 12. Qf4 Qe7 13. Ng5
Qxe5+ 14. Qxe5 Nxe5 15. Kd2 Nxc4+ 16. dxc4 f6 17. Nf3 Nf2 18. c3 Bf5 19. Nd4
cxd4 20. cxd4 Rad8 21. Kc3 Re1 22. Kd2 Rd1+ 23. Ke3 Re8+ 24. Kxf2 Ree1 25. Kf3
Rxc1 0-1

[Event "Eastpointe (MCO/6/29)"]
[Site "?"]
[Date "1995.??.??"]
[Round "?"]
[White "Williams, Claude"]
[Black "Rosebrook, G."]
[Result "1-0"]
[WhiteElo "1605"]
[BlackElo "1605"]
[PlyCount "67"]
[EventDate "1995.??.??"]

{6/(29)} 1. e4 c5 2. c3 Nf6 3. e5 Nd5 4. Bc4 e6 5. Nf3 Be7 6. d4 Nc6 7. O-O Nb6
8. Bb3 d6 9. Qe2 cxd4 10. cxd4 Qc7 11. Bf4 Nd7 12. Rc1 d5 13. Nc3 a6 14. Bc2 h6
15. a3 b5 16. Qd3 Nf8 17. Ne2 Qb6 18. Ng3 Ng6 19. Bd2 Nh4 20. Bd1 Nxf3+ 21.
Bxf3 Nxd4 22. Bd1 Bd7 23. Be3 Bc5 24. b4 Nf3+ 25. Bxf3 Bxe3 26. Qxe3 Qb8 27.
Nh5 Rg8 28. Be2 Ra7 29. Qg3 Kf8 30. Rc5 a5 31. Qf4 g5 32. Qd4 axb4 33. Qxb4 Rc7
34. Rxc7+ 1-0

[Event "Eastpointe (MCO/1/24)"]
[Site "?"]
[Date "1995.??.??"]
[Round "?"]
[White "Williams, Claude"]
[Black "Neshewat, Michael"]
[Result "1-0"]
[WhiteElo "1605"]
[BlackElo "1875"]
[PlyCount "53"]
[EventDate "1995.??.??"]

{1/(24)} 1. e4 e5 2. Bc4 Bc5 3. Nc3 Nf6 4. d3 d6 5. f4 Ng4 6. Nh3 Qh4+ 7. Ke2
Ne3 8. Bxf7+ Kxf7 9. Ng5+ Kg8 10. Bxe3 Bg4+ 11. Nf3 Bxf3+ 12. gxf3 Bxe3 13.
Kxe3 exf4+ 14. Ke2 Nc6 15. Qg1 Qf6 16. Kd2 Ne5 17. Qg2 c6 18. Ne2 Kf7 19. c3
Rad8 20. b3 d5 21. d4 dxe4 22. fxe4 f3 23. Qg3 fxe2 24. Kxe2 Qd6 25. Raf1+ Ke6
26. Qxg7 Nd7 27. Qf7# 1-0

[Event "East Lansing (MOR/7/28)"]
[Site "?"]
[Date "1995.??.??"]
[Round "?"]
[White "Williams, Claude"]
[Black "Mahabir, Jagdesh"]
[Result "0-1"]
[WhiteElo "1605"]
[BlackElo "1605"]
[PlyCount "68"]
[EventDate "1995.??.??"]

{7/(28)} 1. e4 d6 2. d4 Nf6 3. Bd3 g6 4. Nc3 Bg7 5. h3 O-O 6. Nf3 c5 7. e5 Nfd7
8. exd6 cxd4 9. Ne4 exd6 10. O-O Nc5 11. Nxc5 dxc5 12. Ng5 b6 13. Be4 Nc6 14.
Bxc6 Rb8 15. Bb5 Qd5 16. b3 Bb7 17. Nf3 Qh5 18. Bd3 b5 19. Rb1 c4 20. bxc4 bxc4
21. Bxc4 Bxf3 22. Bxf7+ Kxf7 23. gxf3 Rxb1 24. Qd3 Kg8 25. c3 Rxc1 26. Qc4+ Kh8
27. Rxc1 Qg5+ 28. Kh2 Qf4+ 29. Kg2 Qxf3+ 30. Kg1 Qxf2+ 31. Kh1 Qf3+ 32. Kh2
Be5+ 33. Kg1 Qf2+ 34. Kh1 Qh2# 0-1

[Event "East Lansing (MOR/1b/14)"]
[Site "?"]
[Date "1995.??.??"]
[Round "?"]
[White "Williams, Claude"]
[Black "James, Larry"]
[Result "0-1"]
[WhiteElo "1605"]
[BlackElo "1615"]
[PlyCount "86"]
[EventDate "1995.??.??"]

1. e4 c5 2. c3 d6 3. d4 cxd4 4. cxd4 g6 5. Nf3 Bg7 6. Bc4 e6 7. Nc3 a6 8. a3
Ne7 9. O-O b5 10. Ba2 Bb7 11. Re1 d5 12. e5 Nbc6 13. Be3 Qb6 14. Rc1 Nf5 15.
Ne2 O-O 16. Bb1 Nfe7 17. Qd2 a5 18. Bh6 f5 19. Bxg7 Kxg7 20. Qf4 h6 21. Qg3 a4
22. Nf4 Kf7 23. Qh4 Ng8 24. Nxd5 exd5 25. e6+ Kg7 26. Qg3 Qd8 27. Nh4 Nge7 28.
Rc5 Rc8 29. Rxb5 Ba6 30. Rc5 Qc7 31. Re5 Qxe5 32. dxe5 Nd4 33. Qe3 Rxc5 34. h3
Nxe6 35. Bd3 Bxd3 36. Qxd3 Rc4 37. Nf3 Rfc8 38. g3 Nc5 39. Qe3 Ne4 40. Nd4 g5
41. e6 Kf6 42. Kg2 Ng6 43. Qf3 Rxd4 0-1

[Event "East Lansing (MOR/5/42)"]
[Site "?"]
[Date "1995.??.??"]
[Round "?"]
[White "Williams, Claude"]
[Black "Feguer, Mike"]
[Result "1-0"]
[WhiteElo "1605"]
[BlackElo "1605"]
[PlyCount "43"]
[EventDate "1995.??.??"]

{5/(42)} 1. e4 e6 2. d4 d5 3. e5 Nd7 4. Nf3 c6 5. Bd3 Bb4+ 6. c3 Be7 7. Be3 c5
8. O-O cxd4 9. cxd4 Qb6 10. Qd2 f6 11. Nc3 fxe5 12. dxe5 Qd8 13. Nd4 Nb6 14.
Qc2 Bd7 15. Bxh7 Rc8 16. Bg6+ Kf8 17. Qd1 Nc4 18. Qf3+ Nf6 19. exf6 gxf6 20.
Bc1 e5 21. Qxd5 Be8 22. Ne6+ 1-0

[Event "Eastpointe (MCO/3/25)"]
[Site "?"]
[Date "1995.??.??"]
[Round "?"]
[White "Williams, Claude"]
[Black "Collins, Charles"]
[Result "0-1"]
[WhiteElo "1605"]
[BlackElo "1715"]
[PlyCount "30"]
[EventDate "1995.??.??"]

{3/(25)} 1. e4 Nf6 2. e5 Nd5 3. Bc4 c6 4. Nf3 d6 5. d4 Bg4 6. Nbd2 e6 7. O-O
Be7 8. Re1 O-O 9. Ne4 dxe5 10. dxe5 Nd7 11. Ng3 Qc7 12. Qd3 Bxf3 13. Qxf3 Nxe5
14. Qf4 Nxf4 15. Bxf4 Nf3+ 0-1

[Event "Flint (MI Senior/3/5)"]
[Site "?"]
[Date "1995.??.??"]
[Round "?"]
[White "Williams, C."]
[Black "Waltz, Glenn"]
[Result "0-1"]
[WhiteElo "1605"]
[BlackElo "1605"]
[PlyCount "74"]
[EventDate "1995.??.??"]

{3/(5)} 1. c4 g6 2. Nc3 e6 3. g3 Nf6 4. Bg2 d6 5. d4 Bg7 6. Bg5 Nbd7 7. Nh3 O-O
8. O-O h6 9. Be3 Nb6 10. b3 Qe7 11. Rc1 Rd8 12. Qd2 Qf8 13. f4 Ng4 14. d5 Nxe3
15. Qxe3 Re8 16. Qd2 exd5 17. cxd5 Bg4 18. Rfe1 Re7 19. Nb5 Rae8 20. e3 Bxh3
21. Bxh3 a6 22. Nxc7 Rc8 23. Bxc8 Qd8 24. Bxb7 Rxc7 25. Rxc7 Qxc7 26. Bxa6 Qa7
27. Bd3 Nxd5 28. Bxg6 Nxe3 29. Bb1 Nc4+ 30. Qf2 Bd4 31. Re8+ Kg7 32. Qxd4+
Qxd4+ 33. Kg2 Ne3+ 34. Kh3 Qc5 35. Kh4 Nf5+ 36. Bxf5 Qxf5 37. Rd8 Qf6+ 0-1

[Event "East Lansing (Class DE/3/11)"]
[Site "?"]
[Date "1995.??.??"]
[Round "?"]
[White "Williams, C."]
[Black "Scott, A."]
[Result "1-0"]
[WhiteElo "1605"]
[BlackElo "1605"]
[PlyCount "120"]
[EventDate "1995.??.??"]

{3/(11)} 1. e4 e6 2. d4 d5 3. e5 c5 4. c3 Nc6 5. Nf3 Nge7 6. Bd3 Qb6 7. a4 Bd7
8. O-O cxd4 9. cxd4 Nxd4 10. a5 Nxf3+ 11. Qxf3 Qc7 12. Bf4 g6 13. Nd2 Bg7 14.
Rfc1 Qb8 15. Qe3 O-O 16. Bh6 Nc6 17. Bxg7 Kxg7 18. Nf3 a6 19. Ra4 Nxe5 20. Rh4
Nxf3+ 21. Qxf3 Bc6 22. Qe3 h5 23. g4 Qd8 24. Qd4+ Kh7 25. gxh5 Kg8 26. h6 Qg5+
27. Kf1 Qxc1+ 28. Ke2 f6 29. Bxg6 Qc4+ 30. Qxc4 dxc4 31. Bc2 Bb5 32. Rg4+ Kf7
33. Rg7+ Ke8 34. Bg6+ Kd8 35. Kd2 Be8 36. Be4 f5 37. Bxb7 Rb8 38. Kc3 Rh8 39.
h7 Rxb7 40. Rxb7 Bd7 41. Kxc4 Rxh7 42. Kc5 e5 43. Kd6 Rh6+ 44. Kxe5 Re6+ 45.
Kf4 Rh6 46. Kg3 Rg6+ 47. Kh4 Rg4+ 48. Kh3 Ke7 49. Rb6 f4 50. Rb4 Rg5+ 51. Kh4
Rg4+ 52. Kh5 Kf6 53. f3 Rg8 54. Rxf4+ Bf5 55. Kh4 Rh8+ 56. Kg3 Rg8+ 57. Kf2 Ke5
58. Ke3 Re8 59. Rh4 Kf6+ 60. Kf4 Rg8 1-0

[Event "Grand Rapids (MI Am/5/23)"]
[Site "?"]
[Date "1995.??.??"]
[Round "?"]
[White "Williams, C."]
[Black "Scioly, Tony"]
[Result "1-0"]
[WhiteElo "1605"]
[BlackElo "1605"]
[PlyCount "87"]
[EventDate "1995.??.??"]

{5/(23)} 1. e4 c5 2. c3 Nf6 3. e5 Nd5 4. Nf3 e6 5. d4 d6 6. Bd3 Nc6 7. Nbd2 Nf4
8. Bf1 d5 9. Nb3 Ng6 10. Nxc5 Bxc5 11. dxc5 Ngxe5 12. Nd4 O-O 13. Be2 Ng6 14.
Bd3 e5 15. Nf5 e4 16. Nh6+ gxh6 17. Bxh6 Re8 18. Bb5 Qh4 19. Qd2 Be6 20. Bg5
Qg4 21. Be2 Qf5 22. O-O f6 23. Be3 Bf7 24. h3 Qd7 25. b4 a6 26. a4 Rad8 27. b5
axb5 28. axb5 Nce7 29. Ra7 Qc7 30. Rb1 Rb8 31. Qd4 Qe5 32. Qd2 Qc7 33. Bd4 Ne5
34. Be3 N7g6 35. b6 Qc8 36. f4 exf3 37. Bxf3 Nc4 38. Qf2 Nxe3 39. Re1 Qxc5 40.
Ra2 Rbc8 41. Rae2 Nc4 42. Rxe8+ Rxe8 43. Rxe8+ Bxe8 44. Qxc5 1-0